| 000 | 00800cam a22002293a 4500 | ||
|---|---|---|---|
| 001 | 14242 | ||
| 003 | PGUSA | ||
| 005 | 20140828083315.0 | ||
| 008 | 041203s2004||||xxu|||||s|||||000 1 eng d | ||
| 040 |
_aPGUSA _beng |
||
| 042 | _adc | ||
| 050 | 4 | _aPS | |
| 100 | 1 |
_aMajor, Charles, _d1856-1913 |
|
| 245 | 1 | 4 |
_aThe Touchstone of Fortune : _bBeing the Memoir of Baron Clyde, Who Lived, Thrived, and Fell in the Doleful Reign of the So-called Merry Monarch, Charles II _h[electronic resource] / _cCharles Major |
| 260 |
_bProject Gutenberg, _c2004 |
||
| 506 | _aPublic domain in the USA. | ||
| 516 | _aElectronic text | ||
| 653 | _aGreat Britain -- History -- Charles II, 1660-1685 -- Fiction | ||
| 830 | 0 |
_aProject Gutenberg _v14242 |
|
| 856 | 4 | 0 | _uhttp://www.gutenberg.org/ebooks/14242 |
| 942 | _cEB | ||
| 999 |
_c243497 _d243497 |
||